Statistics for African Geographic Groups of Two

Click here to take the quiz!

General Stats

  • This quiz has been taken 160 times
  • The average score is 26 of 32

Answer Stats

ClueAnswer% Correct
Largest desertsSahara
100%
Island countries beginning with MMadagascar
97%
Seas on which Egypt has a coastMediterranean Sea
97%
South Sudan
97%
Countries that start with ZZambia
97%
Zimbabwe
97%
Longest riversNile
96%
Red Sea
96%
Lesotho
95%
Countries with cardinal directions in their namesSouth Africa
95%
Official languages of Algeria and MoroccoArabic
94%
Mauritius
93%
Congo
92%
Tallest mountainsKilimanjaro
91%
Cities in Kenya with more than one million peopleNairobi
91%
Largest lakesVictoria
91%
Kinshasa
89%
One border countriesGambia
84%
Kalahari
83%
Capitals of two CongosBrazzaville
81%
The only countries that were never colonizedEthiopia
79%
Berber
73%
Liberia
72%
Mombasa
66%
Kenya
64%
Spanish autonomous cities bordered by MoroccoCeuta
61%
Porto Novo
59%
Reunion
58%
Tanganyika
57%
Melilla
49%
French overseas departmentsMayotte
47%
Capitals of BeninCotonou
46%

Score Distribution

Percentile by Number Answered

Percent of People with Each Score

Your Score History

You have not taken this quiz